Libertad e innovación (Record no. 186489)

MARC details
000 -LEADER
campo de control de longitud fija 01132nam a2200241 i 4500
001 - NÚMERO DE CONTROL
campo de control 186489
003 - IDENTIFICADOR DE NÚMERO DE CONTROL
campo de control SpMaBN
005 - FECHA Y HORA DE LA ÚLTIMA TRANSACCIÓN
campo de control 20230906222659.0
008 - DATOS DE LONGITUD FIJA--INFORMACIÓN GENERAL
campo de control de longitud fija 161117s2010 sp aco c |||| |dspa d
020 ## - NÚMERO INTERNACIONAL ESTÁNDAR DEL LIBRO
Número Internacional Estándar del Libro 978-84-7506-970-8
080 ## - NÚMERO DE LA CLASIFICACIÓN DECIMAL UNIVERSAL
Número de la Clasificación Decimal Universal 003.332.5.077(060.64)
245 00 - MENCIÓN DEL TÍTULO
Título Libertad e innovación
Resto del título : caligrafía árabe contemporánea : [exposición] /
Mención de responsabilidad, etc. Nja Mahdaoui, Jalid Al-Saai, Rima Farah, Hassan Massoudy, Munir Al-Shaarani ; editado por José Miguel Puerta Vílchez ; [traducciones, Luis Miguel Pérez Cañada, Sami Bagdadi, José Miguel Puerta Vílchez].
260 ## - PUBLICACIÓN, DISTRIBUCIÓN, ETC.
Lugar de publicación, distribución, etc. [Madrid] :
Nombre del editor, distribuidor, etc. Casa Árabe :
-- Turner,
Fecha de publicación, distribución, etc. [2010]
300 ## - DESCRIPCIÓN FÍSICA
Extensión 139, [56] p. :
Otras características físicas il. col., retr. ;
Dimensiones 30 cm.
546 ## - NOTA DE IDIOMA
Nota de lengua/lenguaje Cub. y port. adicionales, con texto también en árabe.
650 #7 - PUNTO DE ACCESO ADICIONAL DE MATERIA--TÉRMINO DE MATERIA
Término de materia o nombre geográfico como elemento de entrada Caligrafía árabe-
Subdivisión de forma Exposiciones.
9 (RLIN) 161288
655 #7 - TERMINO DE INDIZACIÓN--GENERO/FORMA
Fuente del término tgfbne
9 (RLIN) 193628
Datos o término principal de género/forma Catálogos de exposiciones
700 1# - ENTRADA AGREGADA--NOMBRE PERSONAL
Nombre de persona Puerta Vílchez, José Miguel (
Fechas asociadas al nombre 1959-)
9 (RLIN) 161289
710 2# - ENTRADA AGREGADA--NOMBRE DE ENTIDAD CORPORATIVA
Nombre de entidad corporativa o nombre de jurisdicción como elemento de entrada Casa Árabe e Instituto Internacional de Estudios Árabes y del Mundo Musulmán.
9 (RLIN) 148163
852 ## - LOCALIZACIÓN
Ubicación ES-MaACL
Número de control de estantería L-30834
942 ## - ELEMENTOS DE ENTRADA SECUNDARIOS (KOHA)
Fuente del sistema de clasificación o colocación Clasificación decimal universal
Holdings
Estatus retirado Estado de pérdida Estado de daño No para préstamo Biblioteca de origen Biblioteca actual Ubicación en estantería Fecha de adquisición Fuente de adquisición Total de préstamos Signatura topográfica completa Código de barras Visto por última vez Precio de reemplazo Tipo de ítem Koha
        Biblioteca del Ateneo de Madrid Biblioteca del Ateneo de Madrid Depósito 2 17/11/2016     L-30834 1196654 23/02/2023 23/02/2023 Libro impreso